000
00300nam a2200121Ia 4500
082
_a
624
_b
BAS
100
_a
Basak, N N
245
_a
Surveying and leveling
260
_b
Tata McGraw Hill Education Private Limited
_a
New Delhi
_c
2011
300
_a
549p.
650
_a
CIVIL ENGINEERING
942
_2
ddc
_c
BK
999
_c
5237
_d
5237